[Event "Wch U16 Girls"]
[Site "Guarapuava"]
[Date "1995.??.??"]
[Round "3"]
[White "Ionica, Iulia"]
[Black "Blimke, Dalia"]
[Result "0-1"]
[WhiteElo "2105"]
[BlackElo "2090"]

1.e4 c5 2.Nf3 Nc6 3.d4 cxd4 4.Nxd4 Qc7 5.Nc3 e6 6.Be2 a6 7.O-O Nf6 8.Kh1 d6
9.Be3 Be7 10.a4 O-O 11.f4 Re8 12.Qe1 Bd7 13.Qg3 Rac8 14.Rad1 Bf8 15.e5 dxe5
16.fxe5 Qxe5 17.Bf4 Qc5 18.Nb3 Qb4 19.Bg5 Nd5 20.Bh5 g6 21.Rxd5 exd5 22.Nxd5 Qd6
23.Nf6+ Kh8 24.Qxd6 Bxd6 25.Nxe8 Bxe8 26.Bg4 f5 27.Bf3 Kg7 28.g4 Ne5 29.Bxb7 Rxc2
30.gxf5 Rxb2 31.f6+ Kg8 32.Bd5+ Bf7 33.Bxf7+ Nxf7 34.Nd4 Nxg5  0-1

[Event "Wch U16 Girls"]
[Site "Guarapuava"]
[Date "1995.??.??"]
[Round "7"]
[White "Iwaniuk, Dorota"]
[Black "Blimke, Dalia"]
[Result "1-0"]
[WhiteElo "2090"]
[BlackElo "2090"]

1.e4 c5 2.Nf3 Nc6 3.d4 cxd4 4.Nxd4 Qc7 5.Nc3 e6 6.Be3 a6 7.Bd3 Nf6 8.O-O Bd6
9.Nxc6 bxc6 10.f4 e5 11.f5 Be7 12.Qf3 Bb7 13.Qg3 h5 14.h3 Kf8 15.Rad1 Rc8
16.Bc4 d6 17.Qf2 Qb8 18.Qe2 Qa8 19.Bb3 Rd8 20.Rd2 a5 21.Rfd1 g6 22.fxg6 fxg6
23.Bg5 Kg7 24.Qc4 Rhf8 25.Qd3 Ba6 26.Qe3 Rh8 27.Bxf6+ Bxf6 28.Rxd6 Rxd6 29.Rxd6 Rd8
30.Qd2 Qb8 31.Rd7+ Rxd7 32.Qxd7+ Kh6 33.Qxc6 Qa7+ 34.Kh1 Qf2 35.Qxa6 Qe1+
36.Kh2 Bg5 37.Nd5 h4 38.Qd3 Qc1 39.Qf3  1-0

[Event "Hafnarfjordur op"]
[Site "Hafnarfjordur"]
[Date "1995.??.??"]
[Round "5"]
[White "Blees, Albert"]
[Black "Thorsson, Olafur"]
[Result "1-0"]
[WhiteElo "2410"]
[BlackElo "2175"]

1.e4 c5 2.Nf3 Nc6 3.d4 cxd4 4.Nxd4 Qc7 5.Nb5 Qb8 6.c4 Nf6 7.N5c3 e6 8.g3 b6
9.Bg2 Bb7 10.O-O Be7 11.f4 Bc5+ 12.Kh1 h5 13.e5 h4 14.gxh4 Nxe5 15.fxe5 Rxh4
16.Bxb7 Ng4 17.Bf4 Qxb7+ 18.Qf3 O-O-O 19.Qxb7+ Kxb7 20.Nd2 Rdh8 21.Nf3 Nf2+
22.Rxf2 Rxf4 23.Rff1 Rxc4 24.Rad1 Kc6 25.Rd3 f6 26.Rfd1 d5 27.exd6 Rd8 28.d7 e5
29.b3 Rf4 30.Nd5 Rf5 31.b4 e4 32.bxc5 Rxf3  1-0

[Event "Hajduboszormeny IM"]
[Site "Hajduboszormeny"]
[Date "1995.??.??"]
[Round "6"]
[White "Kakuk, Sandor"]
[Black "Emodi, Gyula"]
[Result "0-1"]
[WhiteElo "2240"]
[BlackElo "2400"]

1.e4 c5 2.Nf3 Nc6 3.d4 cxd4 4.Nxd4 Qc7 5.Nc3 e6 6.Be2 Nf6 7.O-O a6 8.a3 h5
9.h3 b5 10.Nxc6 dxc6 11.f4 e5 12.f5 Bb7 13.Bg5 Rd8 14.Qe1 Be7 15.Bf3 Ng4
16.Bxe7 Qb6+ 17.Kh1 Kxe7 18.Qg3 Qe3 19.Rae1 Qf4 20.Qxf4 exf4 21.hxg4 hxg4+
22.Kg1 gxf3 23.Rxf3 Rh4 24.Ref1 Rd2 25.Rxf4 Rxf4 26.Rxf4 Rxc2 27.Rf2 Rc1+
28.Rf1 Rc2 29.Rf2 Rc1+ 30.Rf1 Rxf1+ 31.Kxf1 c5 32.Kf2 Kd6 33.Ke3 Ke5 34.g4 Bc6
35.Ne2 Bxe4 36.Nf4 g6 37.fxg6 fxg6 38.Ne2 a5 39.Nc3 Bc6 40.Ne2 Bd7 41.Nf4 g5
42.Nh3 Bxg4 43.Nxg5 Kd5 44.Ne4 Bf5 45.Nd2 a4 46.Nf1 b4 47.Kd2 Kd4 48.Ne3 Bh7
49.Ng4 Kc4 50.Ne5+ Kb3 51.Kc1 bxa3 52.bxa3 Kxa3 53.Nd7 c4 54.Ne5 c3 55.Nc6 Kb3
56.Na5+ Kb4 57.Nc6+ Kc5 58.Na5 Be4  0-1

[Event "Wch U20 Girls"]
[Site "Halle"]
[Date "1995.??.??"]
[Round "7"]
[White "Repkova Eid, Eva"]
[Black "Velcheva, Maria"]
[Result "1-0"]
[WhiteElo "2320"]
[BlackElo "2315"]

1.e4 c5 2.Nf3 Nc6 3.d4 cxd4 4.Nxd4 Qc7 5.Nc3 e6 6.f4 a6 7.Be3 Nxd4 8.Qxd4 b5
9.Be2 Bb7 10.O-O Rc8 11.Kh1 h5 12.Rad1 Nf6 13.Bf3 Bc5 14.Qd2 Bxe3 15.Qxe3 Qc5
16.Qd3 Rc7 17.e5 Bxf3 18.exf6 Bxd1 19.fxg7 Rg8 20.Qh7 Rxg7 21.Qxg7 Bxc2 22.f5 Bxf5
23.Ne4 Qc1 24.Nd6+ Ke7 25.Nxf5+ exf5 26.Qe5+ Kd8 27.Qf6+ Ke8 28.Qe5+ Kd8
29.Qf6+ Ke8 30.Qxf5 d6 31.Qf6 Qe3 32.Qxd6 Rc1 33.Qb8+ Kd7 34.Qb7+ Kd8 35.Qxf7 Re1
36.h3 Qc1 37.Qg8+ Kd7 38.Qg7+ Ke6 39.Rxe1+ Qxe1+ 40.Kh2 h4 41.Qg6+ Ke7 42.Qg7+ Ke6
43.Qc3 Qf2 44.Qc1 Kd7 45.Kh1 Kd6 46.b4 Kd7 47.a3 Kd8 48.Qd1+ Ke7 49.Qb1 Kd6
50.Qg1 Qb2 51.Qc5+ Ke6 52.Qc6+ Ke5 53.Qe8+ Kd5 54.Qh5+ Kc6 55.Qxh4 Qxa3 56.Qe4+ Kd6
57.Qf4+ Kc6 58.h4 a5 59.Qe5 Kb6 60.Qe6+ Kb7 61.Qd5+ Ka6 62.Qe6+ Kb7 63.Qe7+ Ka6
64.Qf6+ Kb7 65.bxa5 b4 66.Qb6+ Kc8 67.Qc6+ Kd8 68.Qd6+ Kc8 69.a6 Qc1+ 70.Kh2 Qe1
71.Qf4 Qe7 72.a7 Qxa7 73.Qf8+ Kc7 74.Qe7+ Kb6 75.Qxb4+ Kc6 76.Qe4+ Kb5 77.Qc2 Kb4
78.Qe4+ Kc5 79.Qf5+ Kd6 80.h5 Qe3 81.Qg4 Ke7 82.Qg7+ Ke6 83.h6 Qf4+ 84.Kh3 Qf1
85.Qg4+ Kd6 86.Qg3+ Kd7 87.Qg4+ Kd6 88.Qd4+ Ke6 89.Qe4+ Kf6 90.h7 Qh1+ 91.Kg3  1-0

[Event "Wch U20"]
[Site "Halle"]
[Date "1995.??.??"]
[Round "8"]
[White "Mifsud, Timothy"]
[Black "Perdomo, Carlos Andres"]
[Result "1/2-1/2"]
[WhiteElo "2165"]
[BlackElo "2320"]

1.e4 c5 2.Nf3 Nc6 3.d4 cxd4 4.Nxd4 Qc7 5.Nc3 e6 6.Be3 Nf6 7.Be2 a6 8.O-O d6
9.a4 Bd7 10.Kh1 Be7 11.f4 O-O 12.Bf3 Na5 13.g4 Nc4 14.Bc1 Rac8 15.g5 Ne8
16.Bg2 Qc5 17.Nb3 Qc7 18.a5 b5 19.axb6 Qxb6 20.Rf3 Nc7 21.Rh3 g6 22.Nd4 f6
23.b3 Na5 24.Be3 Qb4 25.Nce2 Nc6 26.gxf6 Bxf6 27.e5 Nxd4 28.Bxd4 dxe5 29.fxe5 Bg7
30.Rd3 Be8 31.Ng3 Nd5 32.Bxd5 exd5 33.Rxa6 Bb5 34.Rb6 Rb8 35.Rxb8 Rxb8 36.Rf3 Re8
37.Bc3 Qc5 38.Qd4 Qxd4 39.Bxd4 Bxe5 40.Bxe5 Rxe5 41.Rc3 d4  1/2-1/2

[Event "Wichern op"]
[Site "Hamburg"]
[Date "1995.??.??"]
[Round "9"]
[White "Sievers, Stefan"]
[Black "Hegeler, Frank"]
[Result "1/2-1/2"]
[WhiteElo "2375"]
[BlackElo "2225"]

1.e4 c5 2.Nf3 Nc6 3.d4 cxd4 4.Nxd4 Qc7 5.Nc3 e6 6.Be2 a6 7.f4 Nxd4 8.Qxd4 b5
9.Be3 Bb7 10.O-O Rc8 11.a3 Nf6  1/2-1/2

[Event "Hania op"]
[Site "Hania"]
[Date "1995.??.??"]
[Round "3"]
[White "Vouldis, Angelos"]
[Black "Halkias, Stelios"]
[Result "1-0"]
[WhiteElo "2425"]
[BlackElo "2235"]

1.e4 c5 2.Nf3 Nc6 3.d4 cxd4 4.Nxd4 Qc7 5.Nc3 e6 6.Be3 a6 7.Bd3 Nf6 8.O-O b5
9.Nxc6 dxc6 10.a4 b4 11.Nb1 c5 12.Nd2 Bb7 13.Qe2 Be7 14.Bg5 h6 15.Bh4 Nxe4
16.Nxe4 Bxh4 17.Qg4 Bf6 18.c3 b3 19.Ra3 O-O-O 20.Qe2 Qc6 21.f3 Be7 22.Bc4 f5
23.Nf2 Rhe8 24.Rxb3 Bf6 25.a5 Rd6 26.Rb6 Qc7 27.Bxa6 Rxb6 28.axb6 Qxb6 29.Ra1 Rd8
30.Qc4 Kb8 31.Bxb7 Kxb7 32.Ra3 Qd6 33.Rb3+ Kc7 34.Rb5 Be7 35.Qa4 Qd2 36.Qa7+ Kc6
37.Qb7+ Kd6 38.Rb6+ Ke5 39.Ng4+ fxg4 40.Qe4+ Kf6 41.Qxe6+  1-0

[Event "Hania op"]
[Site "Hania"]
[Date "1995.??.??"]
[Round "7"]
[White "Gikas, Basilius"]
[Black "Grivas, Efstratios"]
[Result "0-1"]
[WhiteElo "2080"]
[BlackElo "2495"]

1.e4 c5 2.Nf3 Nc6 3.d4 cxd4 4.Nxd4 Qb6 5.Nb3 Nf6 6.Nc3 e6 7.Be3 Qc7 8.f4 Bb4
9.Bd3 Bxc3+ 10.bxc3 d6 11.O-O e5 12.Kh1 Ng4 13.Bg1 exf4 14.Rxf4 Nge5 15.Nd4 O-O
16.Qd2 f6 17.Rff1 Qe7 18.Rab1 b6 19.Bb5 Na5 20.Nf5 Bxf5 21.exf5 Rac8 22.Rfe1 Rfd8
23.Rb4 Qf7 24.Rd4 d5 25.a4 Nac4 26.Bxc4 Nxc4 27.Qd3 Ne5 28.Qh3 Rc4 29.Rxc4 Nxc4
30.Bd4 Nd6 31.Qd3 Re8 32.Rf1 Qd7 33.Bg1 Re5 34.a5 bxa5 35.Qa6 a4 36.Bxa7 h5
37.Ra1 Re4 38.Bd4 Nxf5 39.Qa8+ Kh7 40.Rxa4 Nxd4  0-1

[Event "HUN-chT1"]
[Site "HUN"]
[Date "1995.??.??"]
[Round "?"]
[White "Almasi, Istvan"]
[Black "Fogarasi, Tibor"]
[Result "0-1"]
[WhiteElo "2375"]
[BlackElo "2500"]

1.e4 c5 2.Nf3 Nc6 3.d4 cxd4 4.Nxd4 Qc7 5.Nb5 Qb8 6.c4 Nf6 7.N5c3 e6 8.f4 d6
9.Be2 Be7 10.O-O O-O 11.b3 b6 12.Bb2 Bb7 13.Nd2 a6 14.Bd3 Re8 15.Qf3 g6 16.Rae1 Qc7
17.Qh3 Rad8 18.Bb1 b5 19.cxb5 axb5 20.Nf3 b4 21.Ne2 e5 22.Ng5 Bc8 23.Qh6 Bf8
24.Qh4 Bg7 25.fxe5 Nxe5 26.Kh1 h6 27.Nf3 Nfg4 28.Nxe5 Nxe5 29.Nf4 Bb7 30.Nd5 Bxd5
31.exd5 Qc5 32.Bxe5 dxe5 33.Be4 f5 34.Bd3 e4 35.Bc4 Kh7 36.g4 g5 37.Qh5 f4
38.Qf7 Kh8 39.Qf5 Re5 40.Qg6 Qe7 41.Qb6 Qd6 42.Qf2 Re7 43.Qc2 Qe5 44.Re2 f3
45.Re3 Qf4 46.Rfxf3 Qxf3+ 47.Rxf3 exf3 48.Qf2 Rf8 49.Bd3 Bc3 50.h4 Re1+ 51.Bf1 Rd1
52.Kh2 Rd2  0-1

[Event "HUN-chT1"]
[Site "HUN"]
[Date "1995.??.??"]
[Round "?"]
[White "Grabics, Monika"]
[Black "Kerek, Csaba"]
[Result "0-1"]
[WhiteElo "2315"]
[BlackElo "2085"]

1.e4 c5 2.Nf3 Nc6 3.d4 cxd4 4.Nxd4 Qb6 5.Nb3 Nf6 6.Nc3 e6 7.Bg5 Bb4 8.Bxf6 gxf6
9.Qf3 Be7 10.Qg3 d6 11.Qg7 Rf8 12.Qxh7 Bd7 13.O-O-O O-O-O 14.Qh6 Qxf2 15.Rd2 Rh8
16.Rxf2 Rxh6 17.Be2 Ne5 18.Nd4 f5 19.Rd1 fxe4 20.Nxe4 d5 21.Nc3 Rxh2 22.Nf3 Nxf3
23.Bxf3 Bc5 24.Re2 Bc6 25.a3 Rdh8 26.Ree1 b5 27.Ne2 R8h4 28.Rf1 a5 29.Kb1 b4
30.axb4 Rxb4 31.c3 Rb7 32.c4 Ba4 33.Rd3 Rb3 34.Rxb3 Bxb3 35.cxd5 Kd7 36.Nf4 e5
37.Nd3 Bd4 38.Rc1 f5 39.Ne1 e4 40.Be2 Kd6 41.Nc2 Kxd5 42.Na1 Rxg2 43.Nxb3 Rxe2
44.Rc2 Re1+ 45.Ka2 a4 46.Nxd4 Kxd4 47.Rf2 Ke5 48.Ka3 e3 49.Rc2 e2 50.Kb4 f4
51.Kc3 f3  0-1

[Event "HUN-chT1"]
[Site "HUN"]
[Date "1995.??.??"]
[Round "?"]
[White "Szuk, Balazs"]
[Black "Fogarasi, Tibor"]
[Result "1/2-1/2"]
[WhiteElo "2335"]
[BlackElo "2500"]

1.e4 c5 2.Nf3 Nc6 3.d4 cxd4 4.Nxd4 Qc7 5.Nc3 e6 6.Be2 a6 7.O-O Nf6 8.Kh1 Be7
9.f4 d6 10.a4 O-O 11.Be3 Re8 12.Bf3 Rb8 13.Qd2 Bd7 14.Nb3 b6 15.g4 Bc8 16.g5 Nd7
17.Bg2 Bf8 18.Rad1 Nc5 19.Qf2 Nb4 20.Rd4 Nc6 21.Rdd1 Nb4 22.Rd4 Nc6 23.Rdd1  1/2-1/2

[Event "HUN-chT2 9596"]
[Site "HUN"]
[Date "1995.??.??"]
[Round "3"]
[White "Szaszak, Andras"]
[Black "Bauer, Peter2"]
[Result "1/2-1/2"]
[WhiteElo "2280"]
[BlackElo "2200"]

1.e4 c5 2.Nf3 Nc6 3.d4 cxd4 4.Nxd4 Qc7 5.Nc3 e6 6.Be2 a6 7.O-O b5 8.Be3 Bb7
9.f4 Bc5 10.Qd2 Qb6 11.Rad1 Nf6 12.e5 Nxd4 13.Bxd4 Ne4 14.Nxe4 Bxe4 15.Bf3 Bc6
16.Qe3 Bxd4 17.Qxd4 Qxd4+ 18.Rxd4 Bxf3 19.Rxf3 Ke7 20.Rfd3 Rhd8 21.Rd6 Ra7
22.Kf2 Rc8 23.c3 Rc5 24.Ke3 f6 25.Ke4 fxe5 26.fxe5 Rc4+  1/2-1/2

[Event "HUN-chT2 9596"]
[Site "HUN"]
[Date "1995.??.??"]
[Round "4"]
[White "Kiss, Istvan"]
[Black "Bauer, Peter2"]
[Result "1-0"]
[WhiteElo "2265"]
[BlackElo "2200"]

1.e4 c5 2.Nf3 Nc6 3.d4 cxd4 4.Nxd4 Qc7 5.c4 Qe5 6.Nb5 Qxe4+ 7.Be3 Qe5 8.Be2 Nf6
9.O-O b6 10.N1c3 e6 11.Qd2 Qb8 12.Bf3 a6 13.Nd4 Bb7 14.Bf4 Qc8 15.Ne4 Nxe4
16.Bxe4 Be7 17.Rad1 Nd8 18.Bxb7 Nxb7 19.Nf3 d6 20.b3 O-O 21.Ng5 h6 22.Ne4 Rd8
23.Bxh6 d5 24.Bxg7 Kxg7 25.Qd4+ f6 26.Ng3 e5 27.Qd3 d4 28.Nf5+ Kf8 29.Qh3 Qc5
30.Rd3 Ke8 31.Ng7+ Kf7 32.Qe6+ Kf8 33.Qg4 Rd6 34.Rh3 Kf7 35.Rh7 Rg8 36.Qh5+  1-0

[Event "Ikaros op"]
[Site "Ikarios"]
[Date "1995.??.??"]
[Round "5"]
[White "Pandavos, Panayotis"]
[Black "Grivas, Efstratios"]
[Result "1/2-1/2"]
[WhiteElo "2400"]
[BlackElo "2460"]

1.e4 c5 2.Nf3 Nc6 3.d4 cxd4 4.Nxd4 Qb6 5.Nb3 Nf6 6.Nc3 e6 7.Bd3 d6 8.O-O a6
9.a3 Be7 10.Kh1 Qc7 11.f4 b5 12.Bd2 Bb7 13.Qf3 O-O 14.Rae1 b4 15.axb4 Nxb4
16.Nb5 axb5 17.Bxb4 Ra4 18.c3 Ra2 19.Re2 e5 20.fxe5 dxe5 21.Bxe7 Qxe7 22.Bxb5  1/2-1/2

[Event "Ilioupolis"]
[Site "Ilioupolis"]
[Date "1995.??.??"]
[Round "2"]
[White "Kofidis, Andreas"]
[Black "Grivas, Efstratios"]
[Result "0-1"]
[WhiteElo "2405"]
[BlackElo "2460"]

1.e4 c5 2.Nf3 Nc6 3.d4 cxd4 4.Nxd4 Qb6 5.Nb3 Nf6 6.Nc3 e6 7.Bd3 d6 8.O-O a6
9.Be3 Qc7 10.f4 Be7 11.Qf3 O-O 12.Rae1 b5 13.e5 Nd7 14.Qh3 g6 15.exd6 Bxd6
16.f5 exf5 17.Nd5 Qd8 18.Rxf5 f6 19.Rff1 Nde5 20.Qh4 Nxd3 21.cxd3 Be5 22.Nb6 Rb8
23.Nxc8 Rxc8 24.d4 Bd6 25.d5 Ne5 26.Kh1 f5 27.Bg5 Qb6 28.Qd4 Qxd4 29.Nxd4 Rfe8
30.Bf4 Nc4 31.Bxd6 Nxd6 32.Nc6 Kf7 33.Kg1 Kf6 34.b3 Re4 35.Rxe4 Nxe4 36.g4 Rc7
37.gxf5 gxf5 38.Nd4 Rg7+ 39.Kh1 Nd6 40.Ne6 Rg4 41.Rc1 Ke5 42.Nc5 Ne4 43.h3 Rg3
44.Nxa6 Rxh3+ 45.Kg2 Rg3+ 46.Kh2 Re3 47.Nb4 Re2+ 48.Kg1 Rd2 49.a4 bxa4 50.bxa4 Kf4
51.Rc2 Rd1+ 52.Kg2 Kg4 53.Kh2 f4 54.Rg2+ Ng3 55.Rg1 Rd4 56.Nc6 Rxd5 57.a5 Rh5+
58.Kg2 f3+ 59.Kf2 Rh2+ 60.Ke3 Re2+ 61.Kd3 f2 62.Rf1 Ra2  0-1

[Event "Ilioupolis"]
[Site "Ilioupolis"]
[Date "1995.??.??"]
[Round "7"]
[White "Vouldis, Angelos"]
[Black "Grivas, Efstratios"]
[Result "0-1"]
[WhiteElo "2325"]
[BlackElo "2460"]

1.e4 c5 2.Nf3 Nc6 3.d4 cxd4 4.Nxd4 Qb6 5.Nb3 Nf6 6.Nc3 e6 7.Bd3 d6 8.Be3 Qc7
9.f4 a6 10.Qf3 Be7 11.g4 b5 12.g5 Nd7 13.O-O-O Nb6 14.Kb1 Na4 15.Ne2 Bd7
16.Qg3 O-O-O 17.Qe1 Kb8 18.Nbd4 Rc8 19.f5 e5 20.Nb3 Qb7 21.Rc1 Bd8 22.c4 Bb6
23.Bxb6 Qxb6 24.cxb5 axb5 25.Qd2 Rc7 26.Bc2 Rd8 27.Rhd1 Bc8 28.Ng3 g6 29.Nf1 Ra7
30.Ne3 Qa6 31.a3 Nxb2 32.Kxb2 Qxa3+ 33.Kc3 b4+  0-1

[Event "Ilioupolis"]
[Site "Ilioupolis"]
[Date "1995.??.??"]
[Round "11"]
[White "Pavlovic, Milos"]
[Black "Grivas, Efstratios"]
[Result "1-0"]
[WhiteElo "2505"]
[BlackElo "2460"]

1.e4 c5 2.Nf3 Nc6 3.d4 cxd4 4.Nxd4 Qb6 5.Nb3 Nf6 6.Nc3 e6 7.Bd3 d6 8.f4 a6
9.Qf3 Be7 10.g4 Qc7 11.g5 Nd7 12.Bd2 b5 13.O-O-O Nc5 14.Kb1 Bd7 15.Rhe1 Nxb3
16.axb3 O-O 17.e5 Rfc8 18.Bxh7+ Kxh7 19.Qh5+ Kg8 20.Re3 Bxg5 21.fxg5 Nxe5
22.Rh3 Ng6 23.Rf1 e5 24.Qh7+ Kf8 25.Rh6 Bf5 26.Rxf5 gxh6 27.Qxg6  1-0

[Event "Katowice op"]
[Site "Katowice"]
[Date "1995.??.??"]
[Round "8"]
[White "Widera, Jan"]
[Black "Dabek, Roman"]
[Result "0-1"]
[WhiteElo "2200"]
[BlackElo "2360"]

1.e4 c5 2.Nf3 Nc6 3.d4 cxd4 4.Nxd4 Qc7 5.Nc3 e6 6.Be2 a6 7.a4 Nf6 8.O-O Nxd4
9.Qxd4 Bc5 10.Qd3 O-O 11.Kh1 d6 12.Be3 Bxe3 13.Qxe3 Bd7 14.f4 Bc6 15.Bf3 Rfd8
16.Rfd1 Qa5 17.Rd3 Rd7 18.e5 dxe5 19.fxe5 Rxd3 20.cxd3 Nd5 21.Bxd5 Bxd5 22.Qf4 Bc6
23.Re1 Qc7 24.Qg4 Rf8 25.h4 h6 26.Qc4 Rd8 27.b3 Qb6 28.Ne4 Qa5 29.Nc3 Bd5
30.b4 Bxc4 31.bxa5 Rxd3 32.Rc1 Re3 33.Nd1 Re1+ 34.Kh2 Bd5 35.Rc8+ Kh7 36.Nc3 Bc6
37.Rc7 Re3 38.Na2 Re4 39.Rxf7 Rxh4+ 40.Kg1 Rxa4 41.Nc3 Rxa5 42.Ne2 Rxe5 43.Nf4 Rf5  0-1

[Event "Kavala op"]
[Site "Kavala"]
[Date "1995.??.??"]
[Round "6"]
[White "Kofidis, Andreas"]
[Black "Halkias, Stelios"]
[Result "1/2-1/2"]
[WhiteElo "2415"]
[BlackElo "2235"]

1.e4 c5 2.Nf3 Nc6 3.d4 cxd4 4.Nxd4 Qc7 5.Nc3 e6 6.g3 a6 7.Bg2 Nf6 8.O-O d6
9.h3 Be7 10.Nde2 O-O 11.g4 b5 12.a3 Rd8 13.Ng3 d5 14.exd5 Nxd5 15.Nxd5 exd5
16.Nh5 Bb7 17.Bf4 Qb6 18.Qd3 b4 19.axb4 Nxb4 20.Qc3 d4 21.Qc7 Qxc7 22.Bxc7 Rd7
23.Bxb7 Ra7 24.Be5 Raxb7 25.Bxg7 Rb6 26.Ra4 Nxc2 27.Rc4 d3 28.Bc3 Rb8 29.Rd1 Rbd8
30.Kg2 Rd6 31.Ng3 Re6 32.Nf5 Bf8 33.Kf3 f6 34.Rc7 Rb6 35.h4 Nb4 36.Rc4 a5
37.h5 Re6 38.Nd4 Red6 39.Nb3 Rd5 40.Ra1 d2 41.Rd1 Rd3+ 42.Kg2 a4 43.Nd4 a3
44.Ne6 Re8 45.Nxf8 a2 46.Bxb4 Re1 47.Rxd2 Rxd2 48.Bxd2 a1=Q 49.Bxe1 Qxe1
50.Nd7 Qe6 51.Rd4 Kf7 52.b4 Qc6+ 53.f3 Qc3 54.Rd6 Ke7 55.Rxf6 Kxd7 56.Rf5 Qxb4  1/2-1/2

[Event "Kemerovo2"]
[Site "Kemerovo"]
[Date "1995.??.??"]
[Round "8"]
[White "Isupov, Vladimir"]
[Black "Nevostrujev, Vladimir"]
[Result "0-1"]
[WhiteElo "2380"]
[BlackElo "2410"]

1.e4 c5 2.Nf3 Nc6 3.d4 cxd4 4.Nxd4 Qc7 5.Nc3 e6 6.Be3 Nf6 7.Bd3 a6 8.f4 Nxd4
9.Bxd4 Qxf4 10.g3 Qc7 11.e5 Bc5 12.Be2 Nd5 13.Nxd5 exd5 14.Qd2 Bxd4 15.Qxd4 O-O
16.O-O-O Re8 17.Bf3 Rxe5 18.Bxd5 d6 19.Bb3 Bh3 20.Qxd6 Qxd6 21.Rxd6 Rae8
22.Rhd1 Bg4 23.R1d4 Bh5 24.Bc4 Re1+ 25.Kd2 Rh1 26.h4 Rg1 27.Rd8 Rd1+  0-1

[Event "Kiekrz op"]
[Site "Kiekrz"]
[Date "1995.??.??"]
[Round "3"]
[White "Van der Vorm, Teun"]
[Black "Henriksen, Geir"]
[Result "1-0"]
[WhiteElo "2405"]
[BlackElo "2250"]

1.e4 c5 2.Nf3 Nc6 3.d4 cxd4 4.Nxd4 Qc7 5.Nc3 e6 6.Be2 a6 7.O-O Nf6 8.Kh1 Nxd4
9.Qxd4 Bc5 10.Qd3 b5 11.Bg5 Bb7 12.f4 b4 13.e5 bxc3 14.exf6 cxb2 15.fxg7 bxa1=Q
16.Rxa1 Rg8 17.Qxh7 Rxg7 18.Qxg7 Bf8 19.Qh7 Qc3 20.Rd1 Bd5 21.Bh5 Qg7 22.Qd3 Ra7
23.Qe3  1-0

[Event "Las Palmas op"]
[Site "Las Palmas"]
[Date "1995.??.??"]
[Round "5"]
[White "Calzetta, Monica"]
[Black "Durban Piera, Joan"]
[Result "1/2-1/2"]
[WhiteElo "2130"]
[BlackElo "2255"]

1.e4 c5 2.Nf3 Nc6 3.d4 cxd4 4.Nxd4 Qb6 5.Nb3 Nf6 6.Nc3 e6 7.Be3 Qc7 8.a3 a6
9.f4 d6 10.Bd3 b5 11.O-O Be7 12.Qf3 Rb8 13.Rad1 O-O 14.g4 b4 15.axb4 Nxb4
16.g5 Nd7 17.Qh5 g6 18.Qh6 Nxd3 19.Rxd3 f6 20.Bd4 Rf7 21.f5 Bf8 22.Qh4 exf5
23.exf5 Ne5 24.Nd5 fxg5 25.Qxg5 Qxc2 26.Rc3 Rxf5 27.Rxf5 Qxf5 28.Nf6+ Kh8
29.Qh4 g5 30.Qf2 Qxf2+ 31.Kxf2 Bg7 32.Bxe5 dxe5 33.Ne4 h6 34.Ke3 Bd7 35.Nbc5 Bb5
36.Ne6 Rb6 37.Rc8+ Kh7 38.N4c5 Bd7 39.Nxd7 Rxe6 40.Ke4 Rd6 41.Nc5 Kg6 42.Rc7 Rd4+
43.Ke3 Rd6 44.Ra7 Bf8 45.Nd7 Bg7 46.Nc5 Rb6 47.Rxa6 Rxa6 48.Nxa6 Kf5 49.b4 e4
50.Nc5 Be5 51.h3 Bf4+ 52.Kd4 e3 53.Kd3 h5 54.b5 Ke5 55.Ke2 Kd5 56.Nd3 h4
57.Kf3 Kd6 58.Ne1 Kc5 59.Ng2 Kxb5 60.Nxe3 Kc5 61.Nf5 Bd2 62.Kg4 Kd5  1/2-1/2

[Event "Las Palmas op"]
[Site "Las Palmas"]
[Date "1995.??.??"]
[Round "8"]
[White "Durban Piera, Joan"]
[Black "Pogorelov, Ruslan"]
[Result "0-1"]
[WhiteElo "2255"]
[BlackElo "2445"]

1.e4 c5 2.Nf3 Nc6 3.d4 cxd4 4.Nxd4 Qc7 5.Nc3 e6 6.Be3 a6 7.Bd3 Nf6 8.O-O Bd6
9.h3 Bf4 10.Qd2 Bxe3 11.Qxe3 Qb6 12.Nf5 Qxe3 13.Nxe3 b5 14.f4 d6 15.a3 Bb7
16.g4 h6 17.Ne2 Ke7 18.b4 g5 19.f5 Ne5 20.Ng3 Rac8 21.fxe6 fxe6 22.Rf2 Nfd7
23.Ngf5+ exf5 24.Nxf5+ Kd8 25.Nxd6 Rb8 26.a4 Kc7 27.Nf7 Rh7 28.Nxe5 Nxe5
29.axb5 axb5 30.Bxb5 Bxe4 31.Ra7+ Rb7 32.Rxb7+ Bxb7 33.Rf6 Rf7 34.Rxf7+ Nxf7
35.Kf2 Kd6 36.Bf1 Ke5 37.Ke3 Nd8 38.c4 Ne6 39.c5 Be4 40.Bc4 Nf4 41.b5 Ng2+
42.Kf2 Kd4 43.Bf1 Nf4 44.c6 Nd5 45.Be2 Kc5 46.Bf3 Bxf3 47.Kxf3 Kxb5 48.Ke4 Kxc6
49.Kf5 Kd6  0-1

[Event "Lazne Bohdanec"]
[Site "Lazne Bohdanec"]
[Date "1995.??.??"]
[Round "1"]
[White "Howell, James C"]
[Black "Vokac, Marek"]
[Result "1/2-1/2"]
[WhiteElo "2520"]
[BlackElo "2475"]

1.e4 c5 2.Nf3 Nc6 3.d4 cxd4 4.Nxd4 Qb6 5.Nb5 Nf6 6.N1c3 a6 7.Be3 Qa5 8.Na3 b5
9.Bd3 e6 10.Nb1 b4 11.Ne2 d5 12.Nd2 Bb7  1/2-1/2

[Event "Liechtenstein op"]
[Site "Liechtenstein"]
[Date "1995.??.??"]
[Round "?"]
[White "Bezler, Rainer"]
[Black "Schneuwly, Achim"]
[Result "1-0"]
[WhiteElo "2205"]
[BlackElo "2135"]

1.e4 c5 2.Nf3 Nc6 3.d4 cxd4 4.Nxd4 Qc7 5.Nc3 a6 6.Be2 Nf6 7.O-O b5 8.Nd5 Nxd5
9.exd5 Ne5 10.a4 b4 11.c4 bxc3 12.bxc3 g6 13.c4 Bg7 14.Be3 f5 15.Rc1 O-O
16.f4 Nf7 17.c5 Rb8 18.Qd2 Nh6 19.h3 Kh8 20.Rb1 Ng8 21.Nf3 d6 22.c6 Nf6 23.Rxb8 Qxb8
24.Rc1 Qb3 25.Bc4 Qxa4 26.Bd4 a5 27.Qc3 Kg8 28.Ra1 Qb4 29.Qxb4 axb4 30.Rb1 Nh5
31.Rxb4 Nxf4 32.Be3 Bh6 33.Kf1 Nd3 34.Bxh6 Nxb4 35.Bxf8 Kxf8 36.Nd4 Na6 37.Nb5 Ke8
38.Na7 Nb4 39.Nxc8 Kd8 40.Na7 Kc7 41.Nb5+ Kb6 42.Nd4 Kc7 43.Ne6+ Kb6 44.c7 Kb7
45.Ke2 h6 46.Kd2  1-0

[Event "Liechtenstein op"]
[Site "Liechtenstein"]
[Date "1995.??.??"]
[Round "?"]
[White "Frick, Renato"]
[Black "Schneuwly, Achim"]
[Result "1-0"]
[WhiteElo "2140"]
[BlackElo "2135"]

1.e4 c5 2.Nf3 Nc6 3.d4 cxd4 4.Nxd4 Qc7 5.Nc3 a6 6.g3 e6 7.Bg2 Nge7 8.O-O Nxd4
9.Qxd4 Nc6 10.Qd3 Bc5 11.Bf4 d6 12.Na4 e5 13.Nxc5 dxc5 14.Be3 b6 15.f4 a5
16.Rfd1 O-O 17.Qd6 Ra7 18.fxe5 Nxe5 19.Qxc7 Rxc7 20.Bf4 Re7 21.b3 f6 22.Rd6 Re6
23.Rad1 Kf7 24.R6d2 Ke7 25.h4 Re8 26.c4 h6 27.h5 Rc6 28.Kf2 Bg4 29.Rh1 Rd8
30.Rd5 Nd3+ 31.Ke3 Nb4 32.a3 Nc2+ 33.Kd3 Nd4 34.b4 axb4 35.axb4 Ra8 36.bxc5 bxc5
37.Rxc5 Rxc5 38.Kxd4 Rxh5 39.Rb1 Rd8+ 40.Kc3 Ra5 41.Bc7 Ra3+ 42.Kb4 Rdd3
43.Bf1 Rdc3 44.e5 Be6 45.Be2 Kd7 46.Bb8 Kc8 47.Bd6 Kd7 48.Bb8 f5 49.Bd6 Rxg3
50.Bd1 f4 51.Kc5 Ra7 52.Kb6 Ra2 53.Kc5 Ra7 54.Kb6 Ra8 55.c5 Bd5 56.Be2 Rc3
57.Bb5+ Ke6 58.c6 Bxc6 59.Bxc6 Ra6+ 60.Kxa6 Rxc6+ 61.Kb5 Rxd6 62.exd6 Kxd6
63.Rg1 g5 64.Rh1 f3 65.Kc4 Ke5 66.Kd3 Kf4 67.Rxh6 g4 68.Rh8 Kg3 69.Ke3 Kg2
70.Rf8 Kf1 71.Rf4 Ke1 72.Ra4 Kf1 73.Rxg4 f2 74.Rf4  1-0

[Event "Linares op"]
[Site "Linares"]
[Date "1995.??.??"]
[Round "?"]
[White "Zarnicki, Pablo"]
[Black "Kurajica, Bojan"]
[Result "0-1"]
[WhiteElo "2520"]
[BlackElo "2585"]

1.e4 c5 2.Nf3 Nc6 3.d4 cxd4 4.Nxd4 Qb6 5.Nb3 Nf6 6.Nc3 e6 7.Bd3 d6 8.Be3 Qc7
9.f4 a6 10.Qf3 b5 11.g4 Nb4 12.O-O Be7 13.a3 Nxd3 14.cxd3 Bb7 15.Rac1 Qd8
16.Nd4 O-O 17.b4 Rc8 18.Rc2 Nd7 19.Rfc1 Bf6 20.Nb3 Rxc3 21.Rxc3 Bxc3 22.Rxc3 f5
23.Nd4 fxe4 24.dxe4 Re8 25.g5 Nf8 26.Ne2 d5 27.exd5 Bxd5 28.Qf1 Ng6 29.Qd1 Rf8
30.Rd3 Qa8 31.Nc3 Bc4 32.Rd7 Nh4 33.Qg4 Nf3+ 34.Kf2 Ne5 35.Rxg7+ Kxg7 36.Bd4 Qa7
37.Bxa7 Nxg4+ 38.Kg3 Nxh2 39.Kxh2 Rxf4 40.Kg3 Rf5 41.Be3 Bd5 42.Kg4 Bf3+
43.Kg3 e5  0-1

[Event "ESP-chJ"]
[Site "Los Barrios"]
[Date "1995.??.??"]
[Round "3"]
[White "Garcia, R."]
[Black "Medina Fuentes, S."]
[Result "1-0"]
[WhiteElo "1960"]
[BlackElo "2160"]

1.e4 c5 2.Nf3 Nc6 3.d4 cxd4 4.Nxd4 Qc7 5.Nb5 Qb8 6.c4 Nf6 7.N1c3 a6 8.Na3 e6
9.Nc2 b5 10.cxb5 axb5 11.Nxb5 Nxe4 12.Be2 Ba6 13.a4 d5 14.O-O Bc5 15.Be3 O-O
16.Kh1 Bxe3 17.Nxe3 Qe5 18.f4 Qxb2 19.Qe1 Qd2 20.Ng4 Rab8 21.f5 Qxe1 22.Raxe1 Bxb5
23.Bxb5 Nd4 24.fxe6 Nxb5 25.exf7+ Rxf7 26.axb5 Rxb5 27.Rxf7 Kxf7 28.h3 Rb2
29.Kh2 Ke6 30.Rd1 Re2 31.Rd3 h5 32.Ne3 d4 33.Nc4 Kd5 34.Nb6+ Kc5 35.Nd7+ Kd5
36.Nb6+ Kc6 37.Nc4 h4 38.Ne5+ Kc5 39.Nf3 Ng3 40.Rxd4 Nf5 41.Rg4 Kd6 42.Rg5 Re5
43.Nxe5 Kxe5 44.Rg6 Kf4 45.Kg1  1-0

[Event "POL-chT"]
[Site "Lubniewice"]
[Date "1995.??.??"]
[Round "3"]
[White "Brustman, Agnieszka"]
[Black "Slabek, Agnieszka"]
[Result "1-0"]
[WhiteElo "2295"]
[BlackElo "2110"]

1.e4 c5 2.Nf3 Nc6 3.d4 cxd4 4.Nxd4 Qc7 5.Nc3 e6 6.Be2 a6 7.O-O Nf6 8.Kh1 Be7
9.f4 d6 10.Be3 O-O 11.Qe1 Bd7 12.a4 e5 13.fxe5 dxe5 14.Qg3 Kh8 15.Nf5 Bxf5
16.Rxf5 Rad8 17.Raf1 Rd7 18.R5f2 Nd4 19.Bd3 Ne6 20.Nd5 Nxd5 21.exd5 Nf4 22.Bxf4 exf4
23.Rxf4 Bd6 24.Qh3 h6 25.Rf6 Kg8 26.Rxh6 gxh6 27.Qg4+ Kh8 28.Rf6  1-0

[Event "CRO-chT"]
[Site "Makarska Tucepi"]
[Date "1995.??.??"]
[Round "?"]
[White "Loncar, Robert"]
[Black "Kurajica, Bojan"]
[Result "0-1"]
[WhiteElo "2420"]
[BlackElo "2595"]

1.e4 c5 2.Nf3 Nc6 3.d4 cxd4 4.Nxd4 Qb6 5.Nb3 Nf6 6.Nc3 e6 7.Qe2 Bb4 8.Bd2 O-O
9.e5 Bxc3 10.bxc3 Nd5 11.c4 Nde7 12.g3 Qc7 13.Bc3 b6 14.Bg2 Ba6 15.Qe4 Ng6
16.f4 Rac8 17.O-O-O Rfd8 18.c5 bxc5 19.Qa4 Nb4 20.Rd2 Qb6 21.Rd6 Bb5 22.Qa3 Qc7
23.Be4 f5 24.Bf3 Ne7 25.Rhd1 Bc4 26.Qa4 Ned5 27.Bxd5 Bxd5 28.Rd2 a5 29.a3 Bc6
30.Rxc6 Nxc6 31.Nxc5 d5 32.exd6 Rxd6 33.Re2  0-1